Inazuma Eleven 3 - Statistiques

Statistiques générales
  • Ce quiz a été pris 859 fois
  • Le résultat moyen est 17 sur 18
Statistiques - réponses
Rôle Numéro Réponse % Correct
Gardien 1/15 Mark
100%
Défenseur 3 Jack
99%
Attaquant 10 Axel
98%
Gardien 1/20 Darren
97%
Milieu 14 Jude
97%
Attaquant 17 Kévin
96%
Défenseur 2 Nathan
96%
Attaquant 18 Xavier
96%
Attaquant 11 Austin
95%
Attaquant 9 Shawn
95%
Milieu 8 Caleb
93%
Défenseur 5 Tod
92%
Défenseur 7 Archer
91%
Défenseur 4 Hurley
89%
Défenseur 6 Scotty
87%
Milieu 12 Thor
87%
Milieu 13 Jordan
86%
Attaquant 16 David
81%
Aucun quiz correspondant
Distribution des résultats
% des personnes avec chaque résultat
Percentile par nombre de réponses
Votre historique - résultats
Vous n’avez pas pris ce quiz